000 01232nas a2200277Ia 4500
001 R050-S2131
003 IT-CnALBA
008 170116c99999999xx |||||||||||| ||und||
040 _aIT-CnALBA
_cIT-CnALBA
041 _aPOLIGLOTTA
100 _aPIO XII, PAPA PACELLI EUGENIO.
210 _aEPHEMERIDES LITURGICAE
222 _aEPHEMERIDES LITURGICAE
245 0 _aEPHEMERIDES LITURGICAE. RIVISTA LITURGICA. GENNAIO DICEMBRE 1939. BOLLETTINO BIBLIOGRAFICO.
250 _a1a ed.
260 _a ROMA
_bCONGREGAZIONE DELLA MISSIONE
_c1939 [1° Ed.:1939 - Ed.Ling.Originale: 1939]
300 _a372 p.
310 _aBIMESTRALE
362 _aFascicolo: 1-12 / Anno: 53 (1939)
500 _aATTI SANTA SEDE. COSTITUZIONE APOSTOLICA. LITURGIA CANTO GREGORIANO E MUSICA SACRA. NUOVA MESSA E UFFICIO DEL SACRO CUORE DI GESÙ. MORTE DI PIO XI. INDICE ARGOMENTI.
501 _aSocietà San Paolo EM - Piazza San Paolo, 14 - 12051 ALBA (CN) (non commercial uses only) ® Copyright 2017
520 _aATTI SANTA SEDE. COSTITUZIONE APOSTOLICA. LITURGIA CANTO GREGORIANO E MUSICA SACRA. NUOVA MESSA E UFFICIO DEL SACRO CUORE DI GESÙ. MORTE DI PIO XI. INDICE ARGOMENTI.
650 _aLITURGIA
942 _cCR
957 _71
999 _a64029
_bSI
_g1
_c330729
_d330729